00402nam a2200121Ia 4500008004100000020001800041082001700059100001600076245011100092260002300203300001000226650004400236120622s9999 xx 000 0 und d a968-24-0326-X a686.22 L673p aLewis, John aPrincipios básicos de tipografía / John Lewis ; tr. Agustín Contín ; rev. técnica Pedro Pastrana aMéxico : Trillas a96 p. a1. TIPOGRAFIA \ 2. IMPRENTA PRACTICAÌ